[Event "Open A"]
[Site "Venezia ITA"]
[Date "1997.10.??"]
[Round "1"]
[White "Cristiani, Cesare"]
[Black "De Santis, Alessio"]
[Result "0-1"]
[WhiteElo "2080"]
[BlackElo "2185"]
[PlyCount "92"]
[EventDate "1997.10.31"]

1. d4 d6 2. c4 Nf6 3. Nc3 g6 4. e4 Bg7 5. Be2 O-O 6. Nf3 e5 7. d5 a5 8. Bg5 h6
9. Bh4 Na6 10. Nd2 Qe8 11. a3 Bd7 12. b3 Nxe4 13. Ndxe4 f5 14. f3 fxe4 15. Nxe4
Nc5 16. Bf2 Nxe4 17. fxe4 Rf4 18. Qd3 Qe7 19. O-O Raf8 20. Be3 h5 21. b4 Rxf1+
22. Rxf1 Rxf1+ 23. Bxf1 axb4 24. axb4 b6 25. Qd2 Kh7 26. Bg5 Bf6 27. Be3 g5 28.
Qf2 g4 29. c5 bxc5 30. bxc5 Be8 31. Bd3 Bg6 32. Qa2 Bg5 33. Bf2 Kh6 34. cxd6
cxd6 35. Qa8 Qf6 36. Qc6 h4 37. Qb6 h3 38. gxh3 gxh3 39. Be3 Qf3 40. Bxg5+ Kxg5
41. Qd8+ Kf4 42. Qf6+ Ke3 43. Qg5+ Kxd3 44. Qd2+ Kxe4 45. Qd4+ Kf5 46. Qxe5+
dxe5 0-1

[Event "Open A"]
[Site "Venezia ITA"]
[Date "1997.10.??"]
[Round "1"]
[White "Faccia, Sergio"]
[Black "De Bortoli, Peter"]
[Result "0-1"]
[WhiteElo "1900"]
[BlackElo "2085"]
[PlyCount "52"]
[EventDate "1997.10.31"]

1. e4 c5 2. b4 cxb4 3. Bb2 e6 4. d4 d5 5. exd5 exd5 6. Nf3 Bg4 7. Bb5+ Nc6 8.
O-O Bd6 9. a3 a6 10. Re1+ Nge7 11. Bd3 Qc8 12. c4 O-O 13. Nbd2 bxa3 14. Bxa3
Bxa3 15. Rxa3 Bf5 16. cxd5 Nxd5 17. Ne4 Rd8 18. Bb1 Bg6 19. Neg5 Qd7 20. Nxh7
Bxh7 21. Bxh7+ Kxh7 22. Ng5+ Kg8 23. Rh3 Nf4 24. Rh4 Qxd4 25. Qb3 Qd5 26. Qe3
Qxg2# 0-1

[Event "Open A"]
[Site "Venezia ITA"]
[Date "1997.10.??"]
[Round "1"]
[White "Ferretti, Folco"]
[Black "Danieli, Enrico"]
[Result "1-0"]
[WhiteElo "2285"]
[BlackElo "1963"]
[PlyCount "49"]
[EventDate "1997.10.31"]

1. e4 d6 2. d4 Nf6 3. Nc3 g6 4. Nf3 Bg7 5. Be2 O-O 6. O-O Nc6 7. h3 e5 8. Be3
Re8 9. dxe5 Nxe5 10. Nxe5 Rxe5 11. f4 Re8 12. Bf3 a6 13. Qd2 Rb8 14. Rad1 Nd7
15. b3 b6 16. e5 Bf8 17. Ne4 dxe5 18. fxe5 Qe7 19. Bg5 Qxe5 20. Bf4 Qg7 21.
Bxc7 Rb7 22. Nd6 Bxd6 23. Qxd6 Ra7 24. Bd5 Nf6 25. Bxb6 1-0

[Event "Open A"]
[Site "Venezia ITA"]
[Date "1997.10.??"]
[Round "1"]
[White "Gallo, Enrico"]
[Black "Bracaglia, Carlo"]
[Result "0-1"]
[WhiteElo "2225"]
[BlackElo "2080"]
[PlyCount "52"]
[EventDate "1997.10.31"]

1. e4 e5 2. Nc3 Nf6 3. f4 d5 4. fxe5 Nxe4 5. Nf3 Be7 6. d4 O-O 7. Bd3 Nxc3 8.
bxc3 f6 9. O-O Nc6 10. exf6 Bxf6 11. Ba3 Re8 12. Qd2 Bg4 13. Qf4 Qd7 14. Ng5
Bxg5 15. Qxg5 Be2 16. Bf5 Qd8 17. Bxh7+ Kxh7 18. Qf5+ Kh8 19. Rf4 Re4 20. Rxe4
dxe4 21. Qh3+ Kg8 22. Re1 Bc4 23. Rxe4 Qf6 24. g3 Qf3 25. Rh4 Qe3+ 26. Kg2 Qe2+
0-1

[Event "Open A"]
[Site "Venezia ITA"]
[Date "1997.10.??"]
[Round "1"]
[White "Mrdja, Milan"]
[Black "Cacco, Christian"]
[Result "1-0"]
[WhiteElo "2390"]
[BlackElo "2175"]
[PlyCount "35"]
[EventDate "1997.10.31"]

1. e4 e6 2. d4 d5 3. Nc3 Bb4 4. e5 c5 5. a3 Bxc3+ 6. bxc3 Nc6 7. Qg4 Qa5 8. Bd2
g6 9. Nf3 Bd7 10. dxc5 Qxc5 11. Bd3 O-O-O 12. O-O f6 13. Qg3 fxe5 14. Nxe5 Nxe5
15. Qxe5 Ne7 16. Bf4 Ba4 17. Qxe6+ Rd7 18. Qe5 1-0

[Event "Open A"]
[Site "Venezia ITA"]
[Date "1997.10.??"]
[Round "1"]
[White "Pagnoncelli, Marco"]
[Black "Di Lazzaro, Gabriele"]
[Result "1-0"]
[WhiteElo "2090"]
[BlackElo "2030"]
[PlyCount "63"]
[EventDate "1997.10.31"]

1. e4 g6 2. d4 Bg7 3. Nc3 c6 4. f3 d6 5. Be3 Qb6 6. b3 e5 7. Nge2 Ne7 8. Qd2
Qc7 9. g3 Be6 10. Bg2 Nd7 11. d5 cxd5 12. exd5 Bf5 13. g4 Bxc2 14. Rc1 Bf5 15.
Nb5 Qb8 16. Nc7+ Kf8 17. Nxa8 Qxa8 18. Bh6 Nf6 19. Bxg7+ Kxg7 20. gxf5 Nxf5 21.
O-O h5 22. Rc7 h4 23. Bh3 Qd8 24. Rfc1 Ne7 25. Rxb7 Nexd5 26. Rc8 Qxc8 27. Bxc8
Rxc8 28. Rxa7 Re8 29. Nc3 Nxc3 30. Qxc3 Rd8 31. Qc7 Rd7 32. Qxd7 1-0

[Event "Open A"]
[Site "Venezia ITA"]
[Date "1997.10.??"]
[Round "2"]
[White "Bracaglia, Carlo"]
[Black "Bianchi, Andrea"]
[Result "1/2-1/2"]
[WhiteElo "2080"]
[BlackElo "2012"]
[PlyCount "82"]
[EventDate "1997.10.31"]

1. e4 e5 2. Nf3 Nf6 3. Nc3 Nc6 4. d4 exd4 5. Nxd4 Bb4 6. Nxc6 bxc6 7. Bd3 d5 8.
exd5 cxd5 9. O-O O-O 10. Bg5 c6 11. Ne2 Bg4 12. c3 Bxe2 13. Qxe2 Re8 14. Qf3
Be7 15. Rad1 Nd7 16. Bf4 Bf6 17. Rfe1 Nf8 18. Rxe8 Qxe8 19. Kf1 Qd7 20. Re1 Ng6
21. Bg3 Re8 22. Rxe8+ Qxe8 23. Qe2 Qxe2+ 24. Kxe2 Ne5 25. Ba6 Kf8 26. f3 c5 27.
b4 cxb4 28. cxb4 Nc6 29. a3 Ke7 30. Bf2 Bd4 31. Bxd4 Nxd4+ 32. Kd3 Ne6 33. g3
Kd6 34. f4 f6 35. Bc8 Nc7 36. Bg4 g6 37. f5 g5 38. Be2 Ke5 39. g4 Nb5 40. a4
Nd4 41. Bd1 Nc6 1/2-1/2

[Event "Open A"]
[Site "Venezia ITA"]
[Date "1997.10.??"]
[Round "2"]
[White "Cacco, Christian"]
[Black "Faccia, Sergio"]
[Result "1-0"]
[WhiteElo "2175"]
[BlackElo "1900"]
[PlyCount "71"]
[EventDate "1997.10.31"]

1. d4 Nf6 2. Nf3 c5 3. e3 cxd4 4. exd4 g6 5. Bd3 Bg7 6. O-O O-O 7. Nbd2 d5 8.
h3 Nc6 9. c3 b6 10. Re1 a6 11. Nf1 b5 12. Bd2 Rb8 13. Qe2 Re8 14. Bf4 Rb6 15.
a4 bxa4 16. Rxa4 a5 17. Ng3 Bd7 18. Ra2 Qc8 19. Ne5 Qb7 20. Rb1 Ra8 21. Rba1
Re8 22. Bc1 Nxe5 23. dxe5 Re6 24. f4 a4 25. Qf3 Ne4 26. Nxe4 dxe4 27. Bxe4 Qb8
28. Be3 Rc8 29. Rf1 Ra6 30. Bd4 Bb5 31. Rf2 Rd8 32. Ra1 Bc4 33. Bb7 Rxd4 34.
cxd4 Rb6 35. Rxa4 Bb5 36. Ra8 1-0

[Event "Open A"]
[Site "Venezia ITA"]
[Date "1997.10.??"]
[Round "2"]
[White "Danieli, Enrico"]
[Black "Astengo, Marcello"]
[Result "1/2-1/2"]
[WhiteElo "1963"]
[BlackElo "2040"]
[PlyCount "124"]
[EventDate "1997.10.31"]

1. Nf3 d5 2. g3 c5 3. Bg2 Nc6 4. O-O Bf5 5. d3 h6 6. Nbd2 e6 7. e4 Bh7 8. exd5
exd5 9. Re1+ Be7 10. Qe2 Nf6 11. Nb3 O-O 12. Ne5 Nxe5 13. Qxe5 Bd6 14. Qc3 Rc8
15. Nd2 b5 16. Qb3 Re8 17. Rd1 Qd7 18. Nf1 Re2 19. Bd2 Qf5 20. Be1 Rce8 21. Ne3
R8xe3 22. fxe3 Ng4 23. Qxd5 Nxe3 24. Qa8+ Bf8 25. Bf3 Rxc2 26. Bf2 Ng4 27. Rf1
Nxf2 28. Rxf2 Rxf2 29. Kxf2 Qxd3 30. Rd1 Qc2+ 31. Be2 c4 32. Rd8 Qf5+ 33. Bf3
Qc5+ 34. Kg2 g5 35. Rc8 Qd6 36. Rd8 Qb4 37. Qxa7 Qxb2+ 38. Qf2 Qxf2+ 39. Kxf2
c3 40. Rc8 b4 41. Ke3 Kg7 42. Be4 Bxe4 43. Kxe4 Be7 44. Kd3 Kf6 45. Rc4 Ke6 46.
g4 Bd6 47. h3 f5 48. gxf5+ Kxf5 49. Rc6 Ke5 50. Rc4 h5 51. Rc8 Kf4 52. Rd8 Be5
53. Ke2 Kg3 54. Rd3+ Kg2 55. Kd1 h4 56. Kc2 Bg3 57. Rd5 Kxh3 58. Rxg5 Kg2 59.
Rg4 h3 60. Rxb4 h2 61. Rb1 Bf2 62. Kxc3 Bg1 1/2-1/2

[Event "Open A"]
[Site "Venezia ITA"]
[Date "1997.10.??"]
[Round "2"]
[White "De Santis, Alessio"]
[Black "Mrdja, Milan"]
[Result "1/2-1/2"]
[WhiteElo "2185"]
[BlackElo "2390"]
[PlyCount "38"]
[EventDate "1997.10.31"]

1. d4 Nf6 2. Nf3 g6 3. Nbd2 Bg7 4. e4 d6 5. Bd3 O-O 6. O-O Nc6 7. c3 e5 8. dxe5
dxe5 9. Qc2 Nh5 10. Re1 Kh8 11. b4 Nf4 12. Bf1 a6 13. a4 f5 14. Ba3 fxe4 15.
Nxe4 Bg4 16. b5 Ne7 17. Nfd2 axb5 18. axb5 Qe8 19. f3 Bf5 1/2-1/2

[Event "Open A"]
[Site "Venezia ITA"]
[Date "1997.10.??"]
[Round "2"]
[White "Di Lazzaro, Gabriele"]
[Black "Cristiani, Cesare"]
[Result "0-1"]
[WhiteElo "2030"]
[BlackElo "2080"]
[PlyCount "82"]
[EventDate "1997.10.31"]

1. e4 Nf6 2. e5 Nd5 3. d4 d6 4. Nf3 Bg4 5. Bc4 e6 6. O-O Nb6 7. Bd3 Be7 8. c3
Nc6 9. Bf4 d5 10. Nbd2 Bh5 11. a4 a5 12. Qe2 Bg6 13. Bxg6 hxg6 14. Qe3 Rh5 15.
g4 Rh8 16. Bg5 Bxg5 17. Nxg5 Qe7 18. f4 O-O-O 19. Qg3 Rh6 20. h4 Rdh8 21. Ngf3
Kb8 22. Rfb1 Qd8 23. Qf2 Qe7 24. Nf1 Nd7 25. Ne3 f6 26. b4 axb4 27. cxb4 fxe5
28. dxe5 Rf8 29. b5 Ncxe5 30. g5 Nxf3+ 31. Qxf3 Rxh4 32. Ng2 Rh5 33. Rc1 Ne5
34. Qc3 Nc4 35. Qd4 Rfh8 36. Kf2 Rh2 37. a5 Qd6 38. a6 b6 39. a7+ Ka8 40. Re1
e5 41. fxe5 Qf8+ 0-1

[Event "Open A"]
[Site "Venezia ITA"]
[Date "1997.10.??"]
[Round "2"]
[White "Mosca, Leonildo"]
[Black "Crispi, Guido"]
[Result "0-1"]
[WhiteElo "1948"]
[BlackElo "2005"]
[PlyCount "58"]
[EventDate "1997.10.31"]

1. d4 Nf6 2. Nf3 g6 3. e3 Bg7 4. Bd3 O-O 5. O-O d6 6. Nbd2 Nbd7 7. Re1 e5 8.
dxe5 dxe5 9. e4 Nh5 10. Nc4 c6 11. Nd6 Qc7 12. Nxc8 Raxc8 13. Qe2 c5 14. Bc4
Nb6 15. c3 Nxc4 16. Qxc4 Rfd8 17. Bg5 Rd7 18. Red1 h6 19. Be3 Nf4 20. g3 Ne6
21. Rd5 b6 22. Rad1 Re7 23. Qd3 Qb8 24. Rd6 Nd4 25. Rxd4 cxd4 26. cxd4 exd4 27.
Nxd4 Qe5 28. Qa6 Rd8 29. Qa4 Red7 0-1

[Event "Open A"]
[Site "Venezia ITA"]
[Date "1997.10.??"]
[Round "2"]
[White "Popa, Florin"]
[Black "Pagnoncelli, Marco"]
[Result "1/2-1/2"]
[WhiteElo "2195"]
[BlackElo "2090"]
[PlyCount "82"]
[EventDate "1997.10.31"]

1. e4 c5 2. c3 d5 3. exd5 Qxd5 4. d4 Nf6 5. Nf3 Bg4 6. Be2 e6 7. Na3 Nc6 8. O-O
cxd4 9. Nb5 Rc8 10. Nbxd4 Nxd4 11. Nxd4 Bxe2 12. Qxe2 Be7 13. Rd1 a6 14. Be3 h5
15. Nf3 Qf5 16. c4 h4 17. h3 Rh5 18. Rac1 g5 19. Nh2 Rh8 20. Bd4 Rg8 21. Bxf6
Qxf6 22. Ng4 Qf4 23. a3 Rg6 24. b4 Bd6 25. c5 Bc7 26. Rc4 Qf5 27. Rcd4 e5 28.
Rd5 Re6 29. Qd2 f6 30. Rd7 Re7 31. Rxe7+ Kxe7 32. Ne3 Qe6 33. Nd5+ Kf7 34. Nxc7
Rxc7 35. Qd8 Qe7 36. Qh8 Kg6 37. Qg8+ Qg7 38. Qd8 Qe7 39. Qg8+ Qg7 40. Qd8 Qe7
41. Qg8+ Qg7 1/2-1/2

[Event "Open A"]
[Site "Venezia ITA"]
[Date "1997.10.??"]
[Round "2"]
[White "Tomba, Ivan"]
[Black "Gallo, Enrico"]
[Result "0-1"]
[WhiteElo "1705"]
[BlackElo "2225"]
[PlyCount "52"]
[EventDate "1997.10.31"]

1. e4 c5 2. Nf3 d6 3. d4 cxd4 4. Nxd4 Nf6 5. Nc3 g6 6. Be3 Bg7 7. f3 O-O 8. Qd2
Nc6 9. Bc4 Bd7 10. O-O-O Rc8 11. Nde2 Ne5 12. Bb3 b5 13. Bh6 a5 14. a3 b4 15.
Nb1 a4 16. Bd5 Nd3+ 17. Qxd3 Bxh6+ 18. Nd2 e6 19. Bb7 Rb8 20. Ba6 bxa3 21. Qxa3
Qa5 22. Bd3 Rfc8 23. h4 Rb3 24. Qxd6 a3 25. bxa3 Rxa3 26. f4 Bf8 0-1

[Event "Open A"]
[Site "Venezia ITA"]
[Date "1997.10.??"]
[Round "3"]
[White "Astengo, Marcello"]
[Black "Tomba, Ivan"]
[Result "1-0"]
[WhiteElo "2040"]
[BlackElo "1705"]
[PlyCount "69"]
[EventDate "1997.10.31"]

1. d4 Nf6 2. c4 g6 3. d5 d6 4. Nc3 Bg7 5. e4 e5 6. Bg5 h6 7. Bh4 O-O 8. Bd3 Bd7
9. f3 Qc8 10. Qd2 Nh5 11. Nge2 f5 12. exf5 gxf5 13. O-O Na6 14. a3 Nc5 15. Bc2
Qe8 16. b4 Na4 17. Bxa4 Bxa4 18. b5 Bb3 19. Qd3 e4 20. fxe4 fxe4 21. Nxe4 Bxa1
22. Rxa1 a5 23. Nd4 Rf4 24. Re1 Qg6 25. Nxb3 Rxh4 26. Nd4 Nf4 27. Qg3 Nh3+ 28.
gxh3 Kh7 29. Qxg6+ Kxg6 30. Ne6 Re8 31. Kg2 Re7 32. Kg3 Rh5 33. Nf4+ Kf5 34.
Nxh5 Rxe4 35. Rxe4 1-0

[Event "Open A"]
[Site "Venezia ITA"]
[Date "1997.10.??"]
[Round "3"]
[White "Bianchi, Andrea"]
[Black "Cacco, Christian"]
[Result "1/2-1/2"]
[WhiteElo "2012"]
[BlackElo "2175"]
[PlyCount "81"]
[EventDate "1997.10.31"]

1. e4 g6 2. d4 Bg7 3. Bc4 d6 4. c3 Nf6 5. Qe2 e5 6. dxe5 dxe5 7. Nf3 Qe7 8. Bg5
h6 9. Bh4 O-O 10. O-O Nbd7 11. b4 c6 12. Nbd2 a5 13. a3 Re8 14. Bd3 g5 15. Bg3
Nh5 16. Nc4 axb4 17. axb4 Rxa1 18. Rxa1 Nf4 19. Bxf4 exf4 20. Qd2 c5 21. Rd1 b5
22. Na5 g4 23. Ne1 c4 24. Bb1 Qf6 25. Qd5 Re5 26. Qc6 Qxc6 27. Nxc6 Re8 28. Nd4
Ba6 29. f3 Nb6 30. Bc2 h5 31. fxg4 hxg4 32. h3 gxh3 33. gxh3 Nc8 34. Nef3 Nd6
35. Re1 f6 36. Kf2 Bb7 37. Nh4 Bxe4 38. Nxb5 Nxb5 39. Bxe4 Rd8 40. Kf3 Nxc3 41.
Rc1 1/2-1/2

[Event "Open A"]
[Site "Venezia ITA"]
[Date "1997.10.??"]
[Round "3"]
[White "Crispi, Guido"]
[Black "Popa, Florin"]
[Result "1/2-1/2"]
[WhiteElo "2005"]
[BlackElo "2195"]
[PlyCount "127"]
[EventDate "1997.10.31"]

1. d4 d5 2. c4 Bf5 3. Nc3 e6 4. cxd5 exd5 5. Qb3 Nc6 6. Be3 Nf6 7. h3 Be7 8.
Nf3 O-O 9. Nd2 Na5 10. Qa4 b6 11. g4 Be6 12. Bg2 Rc8 13. O-O c5 14. Rac1 c4 15.
f4 Bd7 16. Qd1 Bc6 17. f5 b5 18. a3 Re8 19. Bg5 Qb6 20. e3 b4 21. axb4 Qxb4 22.
Rb1 Rcd8 23. Qf3 Ne4 24. Bxe7 Qxe7 25. Ndxe4 dxe4 26. Qf4 f6 27. Rfd1 Bd5 28.
Ra1 Nc6 29. Nxd5 Rxd5 30. Ra6 Rd6 31. Rda1 Red8 32. Bxe4 Nxd4 33. exd4 Rxd4 34.
Re6 Qc5 35. Qf2 h6 36. Re1 a5 37. Bg2 Qb5 38. Re8+ Rxe8 39. Rxe8+ Qxe8 40. Qxd4
Qe1+ 41. Kh2 Kh7 42. Bf3 a4 43. Kg2 a3 44. bxa3 c3 45. Qd1 Qe7 46. a4 Qb4 47.
Qc2 Qc5 48. Be4 Qe5 49. Qb1 Qf4 50. Qd3 Qe5 51. Qc2 Qc5 52. Qf2 Qc4 53. Bc2
Qd5+ 54. Kg1 Qe5 55. Kf1 Qd5 56. Qg2 Qc4+ 57. Qe2 Qf4+ 58. Kg2 Qd4 59. Qd3 Qc5
60. Kf3 Qe5 61. Kg2 Qc5 62. Qe4 Qa3 63. Qd3 Qc5 64. Bb3 1/2-1/2

[Event "Open A"]
[Site "Venezia ITA"]
[Date "1997.10.??"]
[Round "3"]
[White "Danieli, Enrico"]
[Black "Mosca, Leonildo"]
[Result "1-0"]
[WhiteElo "1963"]
[BlackElo "1948"]
[PlyCount "39"]
[EventDate "1997.10.31"]

1. Nf3 Nf6 2. d4 e6 3. e3 b6 4. Bd3 Bb7 5. O-O c5 6. b3 Be7 7. Bb2 O-O 8. c4
cxd4 9. exd4 d5 10. Nc3 Nc6 11. Qe2 Nb4 12. Bb1 dxc4 13. bxc4 Bxf3 14. gxf3
Qxd4 15. Ne4 Qd8 16. Rd1 Qc7 17. Nxf6+ gxf6 18. Kh1 Qf4 19. Rg1+ Kh8 20. Rg4
1-0

[Event "Open A"]
[Site "Venezia ITA"]
[Date "1997.10.??"]
[Round "3"]
[White "Faccia, Sergio"]
[Black "Di Lazzaro, Gabriele"]
[Result "1-0"]
[WhiteElo "1900"]
[BlackElo "2030"]
[PlyCount "45"]
[EventDate "1997.10.31"]

1. e4 c5 2. b4 cxb4 3. Bb2 Nf6 4. e5 Nd5 5. Bc4 Nb6 6. Bb3 e6 7. a3 Nc6 8. d4
d6 9. exd6 Bxd6 10. Qg4 O-O 11. Nf3 e5 12. Qh5 exd4 13. O-O Qf6 14. axb4 Bxb4
15. c3 dxc3 16. Nxc3 Qf5 17. Ng5 Ne5 18. Nce4 Be6 19. Bc2 h6 20. f4 Qg6 21.
Nf6+ Qxf6 22. Bxe5 Qe7 23. Qxh6 1-0

[Event "Open A"]
[Site "Venezia ITA"]
[Date "1997.10.??"]
[Round "3"]
[White "Ferretti, Folco"]
[Black "Bracaglia, Carlo"]
[Result "1-0"]
[WhiteElo "2285"]
[BlackElo "2080"]
[PlyCount "59"]
[EventDate "1997.10.31"]

1. e4 e5 2. Nf3 d6 3. d4 exd4 4. Nxd4 g6 5. Nc3 Bg7 6. Be3 Nf6 7. f3 O-O 8. Qd2
Nc6 9. O-O-O Nxd4 10. Bxd4 Be6 11. g4 c5 12. Be3 Qa5 13. Kb1 b5 14. Bh6 b4 15.
Nd5 Bxd5 16. exd5 Rfe8 17. Bxg7 Kxg7 18. h4 Re5 19. Bc4 Rae8 20. h5 Qd8 21.
hxg6 fxg6 22. Qh6+ Kg8 23. g5 Nh5 24. f4 Re4 25. Bd3 Qe7 26. f5 Re1 27. Rhxe1
Qxe1 28. Rc1 Nf4 29. f6 Nh5 30. Bxg6 1-0

[Event "Open A"]
[Site "Venezia ITA"]
[Date "1997.10.??"]
[Round "3"]
[White "Gallo, Enrico"]
[Black "Cristiani, Cesare"]
[Result "1-0"]
[WhiteElo "2225"]
[BlackElo "2080"]
[PlyCount "57"]
[EventDate "1997.10.31"]

1. e4 Nf6 2. e5 Nd5 3. d4 d6 4. Nf3 Bg4 5. Be2 e6 6. O-O Be7 7. h3 Bh5 8. c4
Nb6 9. exd6 cxd6 10. Be3 O-O 11. Nbd2 Nc6 12. a3 a5 13. Qb3 a4 14. Qc3 d5 15.
c5 Nd7 16. b4 axb3 17. Rfb1 Nxc5 18. dxc5 Bf6 19. Qxb3 Bxa1 20. Rxa1 e5 21. Rd1
Na5 22. Qb2 f6 23. Ne4 dxe4 24. Rxd8 Rfxd8 25. Nxe5 Bxe2 26. Qa2+ Bc4 27. Nxc4
Nxc4 28. Qxc4+ Kh8 29. Qxe4 1-0

[Event "Open A"]
[Site "Venezia ITA"]
[Date "1997.10.??"]
[Round "3"]
[White "Mrdja, Milan"]
[Black "De Bortoli, Peter"]
[Result "1-0"]
[WhiteElo "2390"]
[BlackElo "2085"]
[PlyCount "69"]
[EventDate "1997.10.31"]

1. e4 c5 2. Nf3 d6 3. d4 cxd4 4. Nxd4 Nf6 5. Nc3 a6 6. Be3 e6 7. f3 b5 8. g4
Be7 9. Qd2 Bb7 10. g5 Nfd7 11. O-O-O Ne5 12. f4 b4 13. fxe5 bxc3 14. Qxc3 Bxe4
15. exd6 Bxd6 16. Rg1 O-O 17. Bg2 Bxg2 18. Rxg2 Qe7 19. Re2 Bb4 20. Qc4 Rd8 21.
c3 Bc5 22. Red2 Bxd4 23. Rxd4 Rxd4 24. Rxd4 Qe8 25. Rd6 Nd7 26. Qc6 Ne5 27.
Qxe8+ Rxe8 28. Rxa6 Nf3 29. h3 f5 30. gxf6 gxf6 31. a4 f5 32. Kd1 e5 33. Ke2 e4
34. Rf6 Re5 35. Bh6 1-0

[Event "Open A"]
[Site "Venezia ITA"]
[Date "1997.10.??"]
[Round "3"]
[White "Pagnoncelli, Marco"]
[Black "De Santis, Alessio"]
[Result "0-1"]
[WhiteElo "2090"]
[BlackElo "2185"]
[PlyCount "80"]
[EventDate "1997.10.31"]

1. e4 d6 2. d4 Nf6 3. Nc3 c6 4. f3 Nbd7 5. Be3 Qb6 6. b3 d5 7. Qd2 dxe4 8. fxe4
Ng4 9. Bg5 e5 10. h3 Bb4 11. hxg4 exd4 12. Nge2 dxc3 13. Qf4 f6 14. Bh4 g5 15.
Bxg5 fxg5 16. Qxg5 Qc5 17. Qh4 Qe7 18. Qh5+ Qf7 19. Qg5 Rg8 20. Qe3 Bc5 21. Qg3
Nf6 22. Nxc3 Nxg4 23. O-O-O Be6 24. Be2 Be3+ 25. Kb1 Bf4 26. Qh4 Qf6 27. Qh5+
Bf7 28. Qc5 Be3 29. Qb4 Qe7 30. Qa4 Nf2 31. Nd5 Nxd1 32. Bxd1 Bxd5 33. exd5
O-O-O 34. dxc6 Rxg2 35. Bf3 Rg3 36. cxb7+ Kb8 37. Bg4 Qxb7 38. Rh5 Rg1+ 39. Kb2
Bc1+ 40. Kc3 Rg3+ 0-1

[Event "Open A"]
[Site "Venezia ITA"]
[Date "1997.10.??"]
[Round "4"]
[White "Bianchi, Andrea"]
[Black "Astengo, Marcello"]
[Result "1-0"]
[WhiteElo "2012"]
[BlackElo "2040"]
[PlyCount "87"]
[EventDate "1997.10.31"]

1. e4 e6 2. Qe2 Be7 3. b3 d5 4. Bb2 Nf6 5. exd5 exd5 6. Bxf6 gxf6 7. Qh5 Nc6 8.
Nf3 Qd6 9. h3 Be6 10. Nc3 O-O-O 11. Nb5 Qc5 12. c3 Rhe8 13. Nbd4 Bd6 14. Be2
Bd7 15. O-O Ne5 16. Nxe5 Rxe5 17. Qh6 Qb6 18. Bd3 f5 19. Qxh7 f4 20. Nf3 Ree8
21. Bf5 Bxf5 22. Qxf5+ Kb8 23. Rae1 Rg8 24. Qxf7 c6 25. Re6 Bc7 26. Rfe1 Rgf8
27. Qe7 Qa6 28. a4 Qd3 29. Rf6 Rg8 30. Rf7 Rc8 31. Rg7 Rh8 32. b4 Rxh3 33. gxh3
Qxf3 34. Qe2 Qxh3 35. Qg4 Qh6 36. Re6 Qh8 37. Reg6 f3 38. Rg8 Qh2+ 39. Kf1 Qh1+
40. Qg1 Qh3+ 41. Ke1 Qf5 42. Rxc8+ Kxc8 43. Qg4 Qxg4 44. Rxg4 1-0

[Event "Open A"]
[Site "Venezia ITA"]
[Date "1997.10.??"]
[Round "4"]
[White "Crispi, Guido"]
[Black "Pagnoncelli, Marco"]
[Result "1/2-1/2"]
[WhiteElo "2005"]
[BlackElo "2090"]
[PlyCount "106"]
[EventDate "1997.10.31"]

1. d4 Nf6 2. c4 c5 3. d5 b5 4. cxb5 a6 5. bxa6 Bxa6 6. Nc3 g6 7. Nf3 d6 8. Nd2
Bg7 9. e4 Bxf1 10. Nxf1 O-O 11. Ne3 Nbd7 12. O-O Qa5 13. Kh1 Rfb8 14. f3 Ne8
15. Nc4 Qa6 16. Ne3 Ne5 17. Qc2 Qd3 18. Qf2 Rb7 19. Rd1 Qa6 20. Qc2 Rab8 21. f4
Nd7 22. a4 Nc7 23. Ra3 Qa5 24. Qd3 Rb3 25. Rxb3 Rxb3 26. Qc2 Qb4 27. e5 Nb6 28.
a5 Nc4 29. Nxc4 Qxc4 30. Qd3 Qxd3 31. Rxd3 Kf8 32. g3 Ke8 33. Kg2 Kd7 34. exd6
exd6 35. Kf3 Bd4 36. Ke2 f5 37. h3 Bxc3 38. Rxc3 Rxc3 39. bxc3 Nxd5 40. Kd3 Kc6
41. Bd2 Nc7 42. c4 Kb7 43. Kc3 Ka6 44. Kb3 Ne6 45. Bc3 h5 46. h4 Nd8 47. Ka4
Nc6 48. Bd2 Nd4 49. Bc3 Nc6 50. Bd2 Kb7 51. Bc3 Na7 52. Bf6 Nc6 53. Bc3 Ka6
1/2-1/2

[Event "Open A"]
[Site "Venezia ITA"]
[Date "1997.10.??"]
[Round "4"]
[White "Cristiani, Cesare"]
[Black "Danieli, Enrico"]
[Result "1/2-1/2"]
[WhiteElo "2080"]
[BlackElo "1963"]
[PlyCount "63"]
[EventDate "1997.10.31"]

1. d4 Nf6 2. c4 g6 3. Nc3 Bg7 4. e4 d6 5. Be2 O-O 6. Nf3 e5 7. d5 Nbd7 8. Bg5
h6 9. Bh4 a5 10. Nd2 Nc5 11. O-O Qe8 12. f3 Nh5 13. Bf2 f5 14. Qc2 f4 15. b3 g5
16. a3 Qg6 17. b4 Na6 18. Rab1 Nf6 19. c5 h5 20. Kh1 g4 21. Rfc1 g3 22. Bg1 Rf7
23. Nc4 Bf8 24. Bf1 gxh2 25. Bf2 h4 26. cxd6 cxd6 27. Bxh4 Nh5 28. Nb5 Be7 29.
Be1 Bd7 30. Nb6 Bxb5 31. Bxb5 Raf8 32. Bf1 1/2-1/2

[Event "Open A"]
[Site "Venezia ITA"]
[Date "1997.10.??"]
[Round "4"]
[White "De Bortoli, Peter"]
[Black "Bracaglia, Carlo"]
[Result "1/2-1/2"]
[WhiteElo "2085"]
[BlackElo "2080"]
[PlyCount "106"]
[EventDate "1997.10.31"]

1. e4 c5 2. Nf3 Nc6 3. d4 cxd4 4. Nxd4 Nf6 5. Nc3 e5 6. Ndb5 d6 7. Bg5 a6 8.
Na3 b5 9. Nd5 Be7 10. Bxf6 Bxf6 11. c3 O-O 12. Nc2 Bg5 13. Be2 Ne7 14. Nxe7+
Qxe7 15. O-O Be6 16. Nb4 Qd7 17. a4 Rfb8 18. axb5 axb5 19. Qc2 Rxa1 20. Rxa1
Bd8 21. Rd1 Bb6 22. Qd2 Rd8 23. Nd5 Bxd5 24. Qxd5 b4 25. cxb4 Qa7 26. Rf1 Bd4
27. b3 g6 28. Bc4 Rd7 29. g3 Kg7 30. Kg2 Qb7 31. f4 Qxd5 32. Bxd5 Rc7 33. Bc4
Ra7 34. Kh3 f6 35. Bd5 Rc7 36. Rd1 Rc2 37. b5 Bc5 38. b4 Bd4 39. Rb1 h5 40. Bb3
Rd2 41. Rc1 g5 42. fxg5 fxg5 43. Rc2 Rxc2 44. Bxc2 Kf6 45. Bb3 Bb6 46. Bd5 Be3
47. Bc6 Ke7 48. Kg2 Bd4 49. Kf3 Kd8 50. Ke2 Bb6 51. Kd3 g4 52. Kc4 Bg1 53. Kd5
Bxh2 1/2-1/2

[Event "Open A"]
[Site "Venezia ITA"]
[Date "1997.10.??"]
[Round "4"]
[White "De Santis, Alessio"]
[Black "Gallo, Enrico"]
[Result "1-0"]
[WhiteElo "2185"]
[BlackElo "2225"]
[PlyCount "127"]
[EventDate "1997.10.31"]

1. d4 Nf6 2. c4 c5 3. d5 e6 4. Nc3 exd5 5. cxd5 d6 6. e4 g6 7. f4 Bg7 8. Bb5+
Nfd7 9. Be2 a6 10. a4 Qh4+ 11. g3 Qe7 12. Nf3 O-O 13. O-O Nf6 14. e5 Ne8 15.
Re1 Bg4 16. Ng5 Bxe2 17. Qxe2 h6 18. Nf3 Nd7 19. a5 Nc7 20. Bd2 Rfe8 21. Ra4
dxe5 22. Re4 f5 23. Rxe5 Nxe5 24. fxe5 Qf8 25. Qc4 Kh7 26. d6 Ne6 27. Nd5 Rad8
28. Nf4 Qf7 29. Bc3 Rc8 30. Nd5 Kh8 31. Rd1 Nf8 32. b3 Nd7 33. Nf4 Qxc4 34.
bxc4 g5 35. e6 Bxc3 36. exd7 gxf4 37. dxc8=Q Rxc8 38. gxf4 Kg7 39. Rd5 Bxa5 40.
Nh4 b5 41. Nxf5+ Kf6 42. Ne7 Re8 43. Nc6 Bd8 44. cxb5 Rg8+ 45. Kf1 Ke6 46. Rh5
axb5 47. Rxh6+ Kd5 48. d7 b4 49. Ke2 b3 50. Kd3 b2 51. Kc2 Ke4 52. Kxb2 Kxf4
53. Kc3 Bc7 54. Kc4 Kg5 55. Re6 Rh8 56. Re2 Kg4 57. Kxc5 Kh3 58. Kb5 Rh5+ 59.
Ka6 Rd5 60. Re7 Kxh2 61. Kb7 Bg3 62. d8=Q Rxd8 63. Nxd8 Bh4 64. Rh7 1-0

[Event "Open A"]
[Site "Venezia ITA"]
[Date "1997.10.??"]
[Round "4"]
[White "Ferretti, Folco"]
[Black "Mrdja, Milan"]
[Result "0-1"]
[WhiteElo "2285"]
[BlackElo "2390"]
[PlyCount "98"]
[EventDate "1997.10.31"]

1. e4 c5 2. c3 Nf6 3. e5 Nd5 4. d4 cxd4 5. Nf3 e6 6. cxd4 d6 7. a3 Qc7 8. Bd3
Nd7 9. O-O dxe5 10. dxe5 a6 11. Qe2 Nc5 12. Bc4 Nb6 13. b4 Ncd7 14. Bb3 Be7 15.
Bd2 Nf8 16. Nc3 Nbd7 17. Rac1 Qb8 18. Ne4 Ng6 19. Bc3 O-O 20. Nfg5 h6 21. Nxf7
Rxf7 22. Bxe6 Ndxe5 23. Bxe5 Qxe5 24. Rxc8+ Rxc8 25. Bxc8 Nf4 26. Qc4 b5 27.
Qc2 Bxb4 28. axb4 Rc7 29. Qa2+ Kh8 30. Ng3 Rxc8 31. Qxa6 Rc4 32. Rd1 Rxb4 33.
Qc8+ Kh7 34. Qc2+ Ng6 35. h3 Rb2 36. Qd3 b4 37. Rb1 Qc3 38. Qe4 Rxb1+ 39. Qxb1
b3 40. Ne2 Qd2 41. Nc1 Qe1+ 42. Kh2 Qe5+ 43. Kg1 b2 44. Na2 Qd4 45. g3 h5 46.
Kg2 Kh6 47. Qf5 Ne5 48. g4 Qd5+ 49. Kg3 h4+ 0-1